000
00310nam a22001217a 4500
008
180424b xxu||||| |||| 00| 0 eng d
041
_a
eng
080
_a
043.3
100
_a
0
101
_a
SHP-BTH
245
_a
Roli i Partive Politike në Konsolidimin e Republikës së Kosovës
_c
Salihu,E
942
_2
udc
_c
BK
999
_c
45451
_d
45451